| 000 | 00549nam a2200133Ia 4500 | ||
|---|---|---|---|
| 001 | 2854 | ||
| 008 | 241024s9999 xx 000 0 und d | ||
| 082 | _aRD/372.41/R426c/IDEICE/2012 | ||
| 100 | _aRepública Dominicana. Ministerio de Educación/CECC/SICA/IDEICE | ||
| 245 | 0 | _aLos concepciones docentes acerca de la enseñanza y el aprendizaje de la lectoescritura como factores del éxito o del fracaso escolar. Versión preliminar para discusión interna en IDEISE | |
| 260 |
_bSanto Domingo _c2012 |
||
| 901 | _a8/4/2013 9:53:26 a.m. | ||
| 999 |
_c8693 _d8693 |
||